Online Catalogue and eLibrary

Koeit kalangiam arimugam (Record no. 968)

MARC details
000 -LEADER
fixed length control field 00406nam a2200157Ia 4500
005 - DATE AND TIME OF LATEST TRANSACTION
control field 20250429085357.0
008 - FIXED-LENGTH DATA ELEMENTS--GENERAL INFORMATION
fixed length control field 240331s9999 xx 000 0 und d
020 ## - INTERNATIONAL STANDARD BOOK NUMBER
ISBN 8170901790
082 ## - DDC Classification
Class No. 291.5
Item Number - Author Mark MUT
100 ## - MAIN ENTRY--PERSONAL NAME
Personal name Muttusamy Pillai,K.M
245 #0 - TITLE STATEMENT
Title Koeit kalangiam arimugam
260 ## - PUBLICATION, DISTRIBUTION, ETC.
Place of publication, distribution, etc. Thanchavoor
Name of publisher, distributor, etc. Tamil Palkalaikalzha Achagam
Date of publication, distribution, etc. 1991
300 ## - PHYSICAL DESCRIPTION
Extent (e.g. Volumes, Pages etc.) 166 p .,
500 ## - GENERAL NOTE
General note Kovil Kalanchiyam
942 ## - Koha item type (Biblio)
Koha item type Books in Stacks (Lending)
Holdings
Lost status Damaged status Collection code Home library Current library Shelving location Date acquired Full call number Accession Number Item type
    Lending WERC Library WERC Library Social Science Cupboard 03/31/2024 291.5 MUT 1571 Books in Stacks (Lending)

© WERC Library